University Home | Library Home | Institutional Repository

Katondwe : (Record no. 216571)

MARC details
000 -LEADER
fixed length control field 00654nam a22001937a 4500
005 - DATE AND TIME OF LATEST TRANSACTION
control field 20260409154701.0
008 - FIXED-LENGTH DATA ELEMENTS--GENERAL INFORMATION
fixed length control field 260409b |||||||| |||| 00| 0 eng d
040 ## - CATALOGING SOURCE
Original cataloging agency LC
Transcribing agency UNZA
Modifying agency UNZA
Description conventions RDA
050 ## - LIBRARY OF CONGRESS CALL NUMBER
Classification number ZAMB BV3625.Z3
Item number KAT 2016
245 ## - TITLE STATEMENT
Title Katondwe :
Remainder of title the Polish mission of Luangwa in Northern Rhodesia (Zambia) /
260 ## - PUBLICATION, DISTRIBUTION, ETC.
Place of publication, distribution, etc. Lusaka:
Name of publisher, distributor, etc. Jesuit Province of Zambia-Malawi,
Date of publication, distribution, etc. 2016.
300 ## - PHYSICAL DESCRIPTION
Extent 183 pages:
Other physical details illustrations.
650 ## - SUBJECT ADDED ENTRY--TOPICAL TERM
Topical term or geographic name entry element Christian missions.
650 ## - SUBJECT ADDED ENTRY--TOPICAL TERM
Topical term or geographic name entry element Catholic missions
Geographic subdivision Luangwa, Zambia.
650 ## - SUBJECT ADDED ENTRY--TOPICAL TERM
Topical term or geographic name entry element Church history
Geographic subdivision Zambia.
700 ## - ADDED ENTRY--PERSONAL NAME
Personal name Kiełbasa, Jan
Relator term translator
700 ## - ADDED ENTRY--PERSONAL NAME
Personal name Murphy Edward P
Relator term editor
942 ## - ADDED ENTRY ELEMENTS (KOHA)
Koha item type Zambian collection
999 ## -
-- 216571
-- 216571
Holdings
Withdrawn status Lost status Source of classification or shelving scheme Damaged status Not for loan Home library Current library Shelving location Date acquired Total Checkouts Full call number Barcode Date last seen Copy number Price effective from Koha item type
    Library of Congress Classification     Main Library Main Library Special collections 04/09/2026   ZAMB BV3625.Z3 KAT 2016 33729006799493 04/09/2026 C.1 04/09/2026 Zambian collection
© 2026 - The University of Zambia Library - Koha v25.11